[Event "EU-ch U20"]
[Site "Sas van Gent"]
[Date "1992.??.??"]
[Round "3"]
[White "Rogozenko, Dorian"]
[Black "Nalbandian, Tigran"]
[Result "1/2-1/2"]
[WhiteElo "2405"]
[BlackElo "2405"]
[PlyCount "85"]
[EventDate "1992.08.??"]
[Source "ChessBase"]

1. d4 Nf6 2. c4 g6 3. Nc3 Bg7 4. e4 d6 5. f3 O-O 6. Be3 Nc6 7. Nge2 a6 8. Qd2 Bd7 9. h4 h5 10. Nc1 e5 11. d5 Ne7 12. Nb3 a5 13. O-O-O Nh7 14. c5 f5 15. Bd3 Kh8 16. Kb1 fxe4 17. fxe4 Ng8 18. cxd6 cxd6 19. Rc1 Ngf6 20. Rc2 Ng4 21. Bb5 a4 22. Nc1 Nhf6 23. Bxd7 Qxd7 24. Bb6 Ra6 25. Bg1 Qf7 26. Rh3 Qe7 27. Qe2 Qd7 28. Nb5 Nxe4 29. Nc7 Nef6 30. Nxa6 bxa6 31. Qc4 Qb5 32. Qc7 Qxd5 33. Rd3 Qb5 34. Qxd6 e4 35. Rh3 Nd5 36. Bd4 Ngf6 37. Rc5 Qb7 38. Bxf6 Nxf6 39. Rc7 Qb8 40. Rc6 Nd5 41. Qxb8 Rxb8 42. b3 e3 43. Rc4 1/2-1/2

[Event "Bad Woerishofen op"]
[Site "Bad Woerishofen"]
[Date "1997.??.??"]
[Round "2"]
[White "Bischoff, Klaus"]
[Black "Schuette, Manfred"]
[Result "1/2-1/2"]
[WhiteElo "2550"]
[BlackElo "2255"]
[PlyCount "64"]
[EventDate "1997.03.07"]
[Source "www.chesslib.no"]
[SourceDate "2004.05.04"]

1. c4 Nf6 2. Nc3 g6 3. e4 d6 4. d4 Bg7 5. f3 O-O 6. Be3 Nc6 7. Nge2 a6 8. a3 Bd7 9. b4 Qb8 10. Rb1 b5 11. c5 e6 12. Qd2 Rd8 13. cxd6 cxd6 14. Nc1 Rc8 15. Nb3 a5 16. Bxb5 axb4 17. axb4 Qc7 18. O-O Nxb4 19. Rfc1 Qd8 20. Bf1 Rab8 21. Qf2 Ne8 22. Nd2 Nc6 23. Rxb8 Rxb8 24. d5 Ne7 25. dxe6 Bxe6 26. Bd4 Bxd4 27. Qxd4 d5 28. exd5 Nxd5 29. Nxd5 Qxd5 30. Qe3 Rd8 31. Ne4 Qd4 32. Qxd4 Rxd4 1/2-1/2

[Event "Beersheba"]
[Site "Beersheba"]
[Date "1984.??.??"]
[Round "8"]
[White "Murey, Jacob"]
[Black "Stepak, Yedael"]
[Result "1/2-1/2"]
[WhiteElo "2435"]
[BlackElo "2355"]
[PlyCount "86"]
[EventDate "1984.02.??"]
[Source "ChessBase"]

1. c4 Nf6 2. Nc3 g6 3. e4 d6 4. d4 Bg7 5. f3 O-O 6. Be3 Nc6 7. Nge2 a6 8. Qd2 Re8 9. h4 h5 10. Nc1 e5 11. d5 Nd4 12. Nb3 Nxb3 13. axb3 c5 14. dxc6 bxc6 15. O-O-O d5 16. cxd5 cxd5 17. exd5 Bf5 18. Bc4 Rc8 19. d6 Qa5 20. Ne4 Qa1+ 21. Kc2 Rxc4+ 22. bxc4 Qa4+ 23. Kd3 Qc6 24. Ke2 Bxe4 25. fxe4 Qxe4 26. Qd3 Qxg2+ 27. Bf2 Qg4+ 28. Kf1 e4 29. Qc2 Qf5 30. Kg2 Bh6 31. Rhe1 Bf4 32. Rf1 Qe6 33. Bc5 Be5 34. Rxf6 Bxf6 35. d7 Rd8 36. Rd6 Qf5 37. Rd5 Qe6 38. Rd6 Qf5 39. Rd5 Qe6 40. Qf2 Be5 41. Bd4 Qg4+ 42. Kf1 Qh3+ 43. Qg2 Qd3+ 1/2-1/2

[Event "RUS-Cup"]
[Site "Krasnoiarsk"]
[Date "1998.??.??"]
[Round "4"]
[White "Namgilov, Sogto"]
[Black "Loskutov, Oleg"]
[Result "0-1"]
[WhiteElo "2440"]
[BlackElo "2350"]
[PlyCount "66"]
[EventDate "1998.??.??"]
[Source "www.chesslib.no"]
[SourceDate "2004.05.04"]

1. d4 Nf6 2. c4 g6 3. Nc3 Bg7 4. e4 d6 5. f3 O-O 6. Be3 Nc6 7. Nge2 a6 8. a3 Re8 9. Rc1 Bd7 10. b4 Qb8 11. c5 e6 12. g4 b5 13. cxb6 Qxb6 14. Kf2 Qb7 15. g5 Nh5 16. Ng3 Nxg3 17. hxg3 Qb6 18. Na4 Qa7 19. e5 Ne7 20. d5 Qb7 21. dxe6 Bxe6 22. exd6 cxd6 23. Bd4 Nf5 24. Bb6 Bd7 25. Rc7 Bxa4 26. Rxb7 Bxd1 27. Bc4 Rab8 28. Rxf7 Be2 29. Bd5 Kh8 30. g4 Ne7 31. Rxh7+ Kxh7 32. Bd4 Nxd5 33. Rxg7+ Kh8 0-1

[Event "Tanta op 4th"]
[Site "Tanta"]
[Date "2001.04.18"]
[Round "1"]
[White "Kasparov, Sergey"]
[Black "Ezat, Mohamed"]
[Result "1/2-1/2"]
[WhiteElo "2456"]
[BlackElo "2332"]
[PlyCount "120"]
[EventDate "2001.04.18"]
[Source "ChessBase"]
[SourceDate "2001.07.03"]

1. d4 Nf6 2. c4 g6 3. Nc3 Bg7 4. e4 d6 5. f3 O-O 6. Be3 Nc6 7. Nge2 a6 8. Nc1 e5 9. Nb3 exd4 10. Nxd4 Nh5 11. g4 Nxd4 12. Bxd4 Nf4 13. h4 Be5 14. Bxe5 dxe5 15. Qxd8 Rxd8 16. Nd5 Ne6 17. O-O-O Kg7 18. Bh3 Bd7 19. g5 Nd4 20. Bxd7 Rxd7 21. Rhf1 Rad8 22. Kb1 Ne6 23. Kc1 h6 24. gxh6+ Kxh6 25. Nf6 Rxd1+ 26. Rxd1 Rxd1+ 27. Kxd1 Kg7 28. Nd7 f6 29. c5 Kf7 30. c6 b6 31. b4 Ke7 32. Nb8 a5 33. bxa5 bxa5 34. Kd2 Nf4 35. a4 Ne6 36. Kd3 Kd6 37. Kc4 Nd4 38. f4 f5 39. fxe5+ Kxe5 40. exf5 Nxf5 41. Kc5 Nxh4 42. Na6 Nf5 43. Nxc7 Nd6 44. Nb5 Nc8 45. Na3 g5 46. Nc4+ Kf4 47. Nb6 g4 48. Nxc8 g3 49. c7 g2 50. Nb6 g1=Q+ 51. Kb5 Qb1+ 52. Kxa5 Qf5+ 53. Ka6 Qd3+ 54. Ka7 Qh7 55. Kb8 Qb1 56. a5 Qb5 57. c8=Q Qxa5 58. Qc4+ Kg3 59. Qd3+ Kg4 60. Qd4+ Kg3 1/2-1/2

[Event "Luxemburg Open 28th"]
[Site "Luxemburg"]
[Date "1989.??.??"]
[Round "4"]
[White "Hausner, Ivan"]
[Black "Brendel, Oliver"]
[Result "0-1"]
[WhiteElo "2445"]
[BlackElo "2340"]
[PlyCount "50"]
[EventDate "1989.05.13"]
[Source "www.chesslib.no"]
[SourceDate "2004.05.04"]

1. d4 Nf6 2. c4 g6 3. Nc3 Bg7 4. e4 d6 5. f3 O-O 6. Be3 Nc6 7. Nge2 a6 8. Rb1 Bd7 9. b4 b5 10. cxb5 axb5 11. d5 Ne5 12. Nxb5 e6 13. dxe6 fxe6 14. Qb3 c5 15. bxc5 dxc5 16. Nec3 Nfg4 17. fxg4 Qh4+ 18. g3 Qxg4 19. Be2 Nf3+ 20. Kd1 Bxb5 21. Nxb5 Qxe4 22. Bc4 Rad8+ 23. Kc1 Nd4 24. Bxd4 Qxh1+ 25. Kc2 Qg2+ 0-1

[Event "European Club Cup 2002"]
[Site "?"]
[Date "2002.09.23"]
[Round "2"]
[White "Horvath Gyula"]
[Black "Rasic Damir"]
[Result "1/2-1/2"]
[WhiteElo "2441"]
[BlackElo "2342"]
[PlyCount "102"]
[EventDate "2002.??.??"]
[Source "www.chesslib.no"]
[SourceDate "2004.05.04"]

1. d4 Nf6 2. c4 g6 3. Nc3 Bg7 4. e4 d6 5. f3 O-O 6. Be3 Nc6 7. Nge2 a6 8. a3 Rb8 9. b4 Bd7 10. Rc1 e5 11. d5 Ne7 12. Rc2 Nh5 13. Qd2 f5 14. c5 Kh8 15. g3 Ng8 16. Bg2 Rf7 17. O-O Qf8 18. exf5 gxf5 19. f4 Re8 20. fxe5 Bxe5 21. c6 bxc6 22. dxc6 Bc8 23. Nd5 Ngf6 24. Nef4 Ne4 25. Qd1 Nhf6 26. Nxf6 Nxf6 27. Bd4 Qg7 28. Ba7 Ne4 29. Qd3 Nc3 30. Nh5 Qg5 31. Rxc3 Qxh5 32. Rc4 Qg6 33. Be3 Qg7 34. Rh4 Bf6 35. Bd4 Bxd4+ 36. Qxd4 Qxd4+ 37. Rxd4 Re3 38. a4 Kg7 39. Rdf4 Rfe7 40. Bh3 R3e4 41. Bxf5 Bxf5 42. Rxf5 Rxb4 43. Rg5+ Kh6 44. h4 Rg7 45. Rf6+ Rg6 46. Rgxg6+ hxg6 47. Rf7 Rxa4 48. Rxc7 Rc4 49. Kf2 g5 50. Ke3 gxh4 51. gxh4 a5 1/2-1/2

[Event "AUT-chT2W 9798"]
[Site "Austria"]
[Date "1998.??.??"]
[Round "8"]
[White "Bischoff, Klaus"]
[Black "Bezler, Rainer"]
[Result "1-0"]
[WhiteElo "2535"]
[BlackElo "2245"]
[PlyCount "79"]
[EventDate "1997.??.??"]
[Source "www.chesslib.no"]
[SourceDate "2004.05.04"]

1. c4 Nf6 2. Nc3 g6 3. e4 d6 4. d4 Bg7 5. f3 O-O 6. Be3 Nc6 7. Nge2 a6 8. a3 Bd7 9. b4 Qb8 10. Rb1 b5 11. c5 dxc5 12. bxc5 Rd8 13. Qc1 e6 14. g3 Qc8 15. Bg2 e5 16. d5 Na5 17. c6 Bh3 18. O-O Nc4 19. Bg5 Bxg2 20. Kxg2 h6 21. Bxh6 Bxh6 22. Qxh6 Nxa3 23. Rb3 Nc4 24. Ra1 Qb8 25. Nd1 Qb6 26. Nb2 Nxb2 27. Rxb2 Qc5 28. Qc1 Qxc1 29. Nxc1 Ne8 30. Nd3 Nd6 31. Rba2 f5 32. Nc5 fxe4 33. fxe4 b4 34. Rxa6 Rxa6 35. Rxa6 Rb8 36. Ra7 Rb5 37. Nb3 Nxe4 38. Rxc7 Rxd5 39. Rd7 Nf6 40. c7 1-0

[Event "POL Ch 45th"]
[Site "Lublin POL"]
[Date "1988.??.??"]
[Round "1"]
[White "Czerwonski, Aleksander"]
[Black "Staniszewski, Piotr"]
[Result "1/2-1/2"]
[WhiteElo "2335"]
[BlackElo "2440"]
[PlyCount "21"]
[EventDate "1988.02.27"]
[Source "www.chesslib.no"]
[SourceDate "2004.05.04"]

1. d4 Nf6 2. c4 g6 3. Nc3 Bg7 4. e4 d6 5. f3 O-O 6. Be3 Nc6 7. Nge2 a6 8. Qd2 b5 9. h4 h5 10. Bh6 bxc4 11. O-O-O 1/2-1/2

[Event "Lugano Open"]
[Site "Lugano SUI"]
[Date "1986.??.??"]
[Round "?"]
[White "Gheorghiu, Florin"]
[Black "Casa, Alex"]
[Result "1-0"]
[WhiteElo "2525"]
[BlackElo "2250"]
[PlyCount "57"]
[EventDate "1986.02.??"]
[Source "www.chesslib.no"]
[SourceDate "2004.05.04"]

1. d4 Nf6 2. c4 g6 3. Nc3 Bg7 4. e4 d6 5. f3 O-O 6. Be3 Nc6 7. Nge2 a6 8. a3 Rb8 9. b4 e5 10. d5 Ne7 11. Nc1 Nh5 12. Nb3 f5 13. Qd2 Rf7 14. O-O-O Nf6 15. h3 f4 16. Bf2 Nh5 17. Bd3 Kh8 18. Kb1 Ng8 19. Rc1 Ngf6 20. c5 b6 21. Ka2 a5 22. cxd6 cxd6 23. bxa5 bxa5 24. Nb5 Ra8 25. a4 Ba6 26. Rc6 Rd7 27. Bb6 Qe7 28. Rhc1 Ne8 29. Nxa5 1-0

[Event "Alushta Autumn III"]
[Site "Alushta"]
[Date "2002.10.03"]
[Round "9"]
[White "Kozlov, Viktor Mihail"]
[Black "Kurnosov, Igor"]
[Result "0-1"]
[WhiteElo "2340"]
[BlackElo "2433"]
[PlyCount "46"]
[EventDate "2002.09.27"]
[Source "ChessBase"]
[SourceDate "2002.11.06"]

1. d4 Nf6 2. c4 g6 3. Nc3 Bg7 4. e4 d6 5. f3 O-O 6. Be3 Nc6 7. Nge2 a6 8. Qd2 Re8 9. h4 h5 10. O-O-O b5 11. Nd5 bxc4 12. g4 hxg4 13. Nxf6+ Bxf6 14. h5 e5 15. d5 Nd4 16. Nxd4 exd4 17. Bxd4 Bxd4 18. Qxd4 Qg5+ 19. Rd2 gxh5 20. fxg4 Bxg4 21. Bh3 f5 22. exf5 Bxh3 23. Rxh3 Re1+ 0-1

[Event "Brussels zt"]
[Site "Brussels"]
[Date "1993.??.??"]
[Round "5"]
[White "Bricard, Emmanuel"]
[Black "Mohandesi, Shahin"]
[Result "1-0"]
[WhiteElo "2460"]
[BlackElo "2310"]
[PlyCount "91"]
[EventDate "1993.04.??"]
[Source "ChessBase"]

1. d4 Nf6 2. c4 g6 3. Nc3 Bg7 4. e4 d6 5. f3 O-O 6. Nge2 a6 7. Be3 Nc6 8. a3 Rb8 9. b4 Nd7 10. Nc1 e5 11. d5 Nd4 12. Nb3 Qh4+ 13. Bf2 Qf6 14. Bd3 c5 15. dxc6 bxc6 16. Na5 Qg5 17. O-O Re8 18. Kh1 Nf8 19. Ne2 c5 20. Nxd4 cxd4 21. Be1 Bd7 22. Bd2 Qh4 23. Qe1 Qh5 24. g4 Qh3 25. Qg3 Qxg3 26. hxg3 Ne6 27. a4 Bf6 28. Nb3 Kg7 29. b5 Rh8 30. Kg2 h5 31. gxh5 gxh5 32. f4 exf4 33. gxf4 Nc5 34. Nxc5 dxc5 35. e5 Bd8 36. f5 Bc7 37. Bf4 h4 38. Rae1 axb5 39. axb5 Ra8 40. Ra1 Rhe8 41. f6+ Kh8 42. Rxa8 Rxa8 43. e6 h3+ 44. Kh1 Bxf4 45. exd7 Be5 46. Re1 1-0

[Event "Sparkasse op"]
[Site "Dortmund"]
[Date "1998.??.??"]
[Round "?"]
[White "Kalka, Arkadius Georg"]
[Black "Schebler, Gerhard"]
[Result "1/2-1/2"]
[WhiteElo "2320"]
[BlackElo "2450"]
[PlyCount "126"]
[EventDate "1998.06.??"]
[Source "www.chesslib.no"]
[SourceDate "2004.05.04"]

1. d4 Nf6 2. c4 g6 3. Nc3 Bg7 4. e4 d6 5. f3 O-O 6. Be3 Nc6 7. Nge2 a6 8. d5 Ne5 9. Nc1 c5 10. Be2 b5 11. cxb5 axb5 12. Nxb5 Ba6 13. O-O Ne8 14. a4 Nc7 15. Na2 Nd7 16. Nac3 Bxb5 17. axb5 Rxa1 18. Qxa1 Qb8 19. Qc1 Bd4 20. Kh1 Qa7 21. Bh6 Rb8 22. Qg5 Re8 23. f4 Qa5 24. e5 dxe5 25. f5 Bxc3 26. bxc3 Qxc3 27. d6 exd6 28. fxg6 hxg6 29. Bg4 Qd3 30. Rd1 Qxb5 31. h4 Ne6 32. Bxe6 Rxe6 33. Qd8+ Kh7 34. Bg5 e4 35. Ra1 Ne5 36. Ra8 Qf1+ 37. Kh2 Nf3+ 38. gxf3 Qf2+ 39. Kh1 Qxf3+ 40. Kh2 Qe2+ 41. Kg1 Qd1+ 42. Kg2 Qc2+ 43. Kf1 Qb1+ 44. Ke2 Qb2+ 45. Ke3 Qd4+ 46. Ke2 Qg7 47. Ra7 e3 48. Rb7 c4 49. Qd7 Kg8 50. Qxe6 fxe6 51. Rxg7+ Kxg7 52. Kxe3 Kf7 53. Kd4 c3 54. Kxc3 e5 55. Kc4 Ke6 56. Bd8 Kd7 57. Bf6 Ke6 58. Bg5 d5+ 59. Kc5 d4 60. Kc4 Kd6 61. Bh6 Ke6 62. Bd2 Kf5 63. Kd3 Kg4 1/2-1/2

[Event "Pau Open"]
[Site "Pau"]
[Date "1988.??.??"]
[Round "6"]
[White "Luce, Sebastien"]
[Black "Gunawan, Ronny"]
[Result "1/2-1/2"]
[WhiteElo "2325"]
[BlackElo "2440"]
[PlyCount "71"]
[EventDate "1988.??.??"]
[Source "www.chesslib.no"]
[SourceDate "2004.05.04"]

1. c4 Nf6 2. Nc3 g6 3. e4 d6 4. d4 Bg7 5. f3 O-O 6. Be3 Nc6 7. Nge2 a6 8. Nc1 e5 9. d5 Nd4 10. N1e2 Nxe2 11. Bxe2 Nh5 12. Qd2 Qh4+ 13. Kd1 f5 14. Bg5 Qf2 15. Bf1 Qxd2+ 16. Kxd2 fxe4 17. Nxe4 Nf4 18. h3 Bf5 19. Rg1 Bxe4 20. fxe4 h6 21. Bh4 Bf6 22. Bf2 Bg5 23. Ke1 c6 24. g3 Nh5 25. Bd3 cxd5 26. cxd5 Rac8 27. Ke2 Kg7 28. a3 Nf6 29. Rgf1 Nd7 30. h4 Bd8 31. Rac1 Bb6 32. Rxc8 Rxc8 33. Be1 Bd4 34. Bb4 Nc5 35. Bxc5 Bxc5 36. a4 1/2-1/2

[Event "Hoogovens-B"]
[Site "Wijk aan Zee NED"]
[Date "1988.01.??"]
[Round "8"]
[White "Brenninkmeijer, Joris"]
[Black "Nijboer, Friso"]
[Result "1-0"]
[WhiteElo "2385"]
[BlackElo "2375"]
[PlyCount "115"]
[EventDate "1988.01.??"]
[Source "www.chesslib.no"]
[SourceDate "2004.05.04"]

1. d4 Nf6 2. c4 g6 3. Nc3 Bg7 4. e4 d6 5. f3 O-O 6. Be3 Nc6 7. Nge2 a6 8. Nc1 e5 9. Nb3 exd4 10. Nxd4 Nd7 11. Be2 Nc5 12. O-O Ne6 13. Nb3 a5 14. a4 Ne7 15. Qc2 f5 16. Rad1 fxe4 17. fxe4 Rxf1+ 18. Bxf1 Nc6 19. c5 Be5 20. cxd6 Qh4 21. g3 Bxg3 22. hxg3 Qxg3+ 23. Kh1 Qxe3 24. Nd5 Qh6+ 25. Qh2 Qxh2+ 26. Kxh2 cxd6 27. Nb6 Rb8 28. Bh3 Ncd8 29. Rxd6 Nf7 30. Nxc8 Nxd6 31. Bxe6+ Kf8 32. Nxd6 Ke7 33. Bd5 Kxd6 34. Nxa5 b6 35. Nc6 Ra8 36. b3 Rf8 37. Kg2 h5 38. Nd4 h4 39. b4 g5 40. Nf3 Rf4 41. Nd4 Rg4+ 42. Kh2 Rf4 43. a5 bxa5 44. bxa5 Rf2+ 45. Kg1 Rd2 46. Nb5+ Kc5 47. a6 Rd1+ 48. Kg2 g4 49. a7 h3+ 50. Kg3 Rd3+ 51. Kxg4 h2 52. a8=Q h1=Q 53. Qc6+ Kb4 54. Qc4+ Ka5 55. Qxd3 Qg2+ 56. Kf5 Qf2+ 57. Ke6 Qb6+ 58. Nd6 1-0

[Event "Bundesliga 8485"]
[Site "Germany"]
[Date "1985.??.??"]
[Round "?"]
[White "Ostermeyer, Peter"]
[Black "Zbikowski, Wolfgang"]
[Result "1/2-1/2"]
[WhiteElo "2480"]
[BlackElo "2280"]
[PlyCount "35"]
[EventDate "1984.10.??"]
[Source "ChessBase"]
[SourceDate "1999.07.01"]

1. d4 Nf6 2. c4 g6 3. Nc3 Bg7 4. e4 d6 5. f3 O-O 6. Be3 Nc6 7. Nge2 a6 8. Nc1 e5 9. d5 Nd4 10. Nb3 Nxb3 11. axb3 Nd7 12. Qd2 f5 13. Bd3 f4 14. Bf2 g5 15. b4 b6 16. Bc2 Rf6 17. b5 Rg6 18. Qe2 1/2-1/2

[Event "Ankara zt"]
[Site "Ankara"]
[Date "1995.??.??"]
[Round "4"]
[White "Atalik, Suat"]
[Black "Bayram, Yakup"]
[Result "1-0"]
[WhiteElo "2500"]
[BlackElo "2260"]
[PlyCount "91"]
[EventDate "1995.??.??"]
[Source "ChessBase"]

1. d4 Nf6 2. c4 g6 3. Nc3 Bg7 4. e4 d6 5. f3 O-O 6. Be3 Nc6 7. Nge2 a6 8. Qc2 Rb8 9. Rd1 Bd7 10. Nc1 e5 11. dxe5 Nxe5 12. c5 dxc5 13. Bxc5 Nh5 14. Qd2 Bc6 15. Qxd8 Rfxd8 16. Be3 Rxd1+ 17. Kxd1 b5 18. Kc2 h6 19. b4 Bf8 20. a3 g5 21. Nb3 Nf4 22. g3 Ne6 23. Be2 Ba8 24. Rd1 Rc8 25. f4 Nc4 26. Bxc4 bxc4 27. Nc5 Nxc5 28. Bxc5 Bxc5 29. bxc5 gxf4 30. gxf4 f5 31. exf5 Kf7 32. Rg1 Rg8 33. Rxg8 Kxg8 34. Nd1 Be4+ 35. Kc3 Bxf5 36. Kxc4 Kf7 37. Kd5 Bd7 38. Ke5 Kg6 39. Ne3 Ba4 40. Ke6 c6 41. f5+ Kg5 42. f6 Bb3+ 43. Ke7 Kg6 44. Ng4 h5 45. Ne5+ Kg5 46. Nxc6 1-0

[Event "BCF Ch"]
[Site "Eastbourne"]
[Date "1991.??.??"]
[Round "2"]
[White "Ward, Christopher"]
[Black "Collinson, Adam"]
[Result "1/2-1/2"]
[WhiteElo "2435"]
[BlackElo "2320"]
[PlyCount "65"]
[EventDate "1991.07.??"]
[Source "www.chesslib.no"]
[SourceDate "2004.05.04"]

1. d4 Nf6 2. c4 g6 3. Nc3 Bg7 4. e4 d6 5. f3 O-O 6. Be3 Nc6 7. Nge2 a6 8. Nc1 e5 9. d5 Nd4 10. N1e2 c5 11. dxc6 Nxc6 12. Nc1 Be6 13. Nb3 Rc8 14. Qd2 Na5 15. Nxa5 Qxa5 16. Nd5 Qxd2+ 17. Kxd2 Nxd5 18. cxd5 Bd7 19. Bd3 h5 20. Rhc1 Kh7 21. Rc3 Bh6 22. Bxh6 Kxh6 23. Rb3 b5 24. a4 bxa4 25. Rb7 Bb5 26. Bxb5 axb5 27. Rxb5 Rb8 28. Rxb8 Rxb8 29. Kc2 Rb4 30. Kc3 Rb3+ 31. Kc2 Rb4 32. Kc3 Rb3+ 33. Kc2 1/2-1/2

[Event "Berlin Open"]
[Site "Berlin West"]
[Date "1988.??.??"]
[Round "9"]
[White "Varasdy, Imre"]
[Black "Ivanov, Jordan"]
[Result "1-0"]
[WhiteElo "2330"]
[BlackElo "2425"]
[PlyCount "33"]
[EventDate "1988.08.??"]
[Source "www.chesslib.no"]
[SourceDate "2004.05.04"]

1. d4 Nf6 2. c4 g6 3. Nc3 Bg7 4. e4 O-O 5. Be3 d6 6. f3 Nc6 7. Nge2 a6 8. a3 Bd7 9. b4 Qb8 10. Nc1 b5 11. cxb5 axb5 12. Nb3 e5 13. d5 Ne7 14. Bd3 c6 15. dxc6 Bxc6 16. Na5 d5 17. Bc5 1-0

[Event "Sunny Beach"]
[Site "?"]
[Date "2006.09.06"]
[Round "5.5"]
[White "Maksimovic Suzana"]
[Black "Georgiev Krum"]
[Result "0-1"]
[WhiteElo "2266"]
[BlackElo "2485"]
[PlyCount "54"]
[EventDate "2006.??.??"]
[Source "www.chesslib.no"]
[SourceDate "2004.05.04"]

1. d4 Nf6 2. c4 g6 3. Nc3 Bg7 4. e4 d6 5. f3 O-O 6. Nge2 a6 7. Be3 Nc6 8. Qd2 Bd7 9. Nc1 Qb8 10. Nb3 Re8 11. Rc1 b5 12. c5 e6 13. Be2 b4 14. Nd1 a5 15. cxd6 cxd6 16. Bf4 a4 17. Nc5 Nxd4 18. Qxd4 dxc5 19. Qd2 Qa7 20. Ne3 Red8 21. Qc2 Nh5 22. Bd6 c4 23. Nxc4 Bb5 24. Bxb4 Nf4 25. g3 Ng2+ 26. Kf1 Ne3+ 27. Nxe3 Qxe3 0-1

[Event "St Petersburg-ch"]
[Site "St Petersburg"]
[Date "1999.04.09"]
[Round "4"]
[White "Sergeev, Veniamin"]
[Black "Nikolaev, Nikita"]
[Result "1-0"]
[WhiteElo "2420"]
[BlackElo "2329"]
[PlyCount "51"]
[EventDate "1999.04.??"]
[Source "ChessBase"]
[SourceDate "1999.07.10"]

1. d4 Nf6 2. c4 g6 3. Nc3 Bg7 4. e4 d6 5. f3 O-O 6. Be3 Nc6 7. Nge2 a6 8. Nc1 e5 9. d5 Nd4 10. Nb3 c5 11. dxc6 bxc6 12. Nxd4 exd4 13. Bxd4 Rb8 14. Qd2 Qa5 15. Rd1 c5 16. Be3 Be6 17. Rc1 Nd7 18. Be2 Bxc3 19. Rxc3 Qxa2 20. b3 Qb1+ 21. Bd1 Qa1 22. O-O Qa5 23. Bh6 Rfe8 24. f4 Nf6 25. Qb2 Qd8 26. f5 1-0

[Event "Wch U20"]
[Site "Halle"]
[Date "1995.??.??"]
[Round "12"]
[White "Wallace, John Paul"]
[Black "Van de Mortel, Jan"]
[Result "1/2-1/2"]
[WhiteElo "2405"]
[BlackElo "2340"]
[PlyCount "79"]
[EventDate "1995.09.??"]
[Source "ChessBase"]

1. d4 Nf6 2. c4 g6 3. Nc3 Bg7 4. e4 d6 5. f3 O-O 6. Nge2 Nc6 7. Be3 a6 8. h4 Rb8 9. h5 b5 10. Qd2 e5 11. d5 Na5 12. Ng3 b4 13. Nd1 c6 14. b3 c5 15. Bg5 Qe8 16. Bd3 Nxh5 17. Nxh5 gxh5 18. Bh6 Bxh6 19. Qxh6 f6 20. Rxh5 Qg6 21. Ne3 Rb7 22. O-O-O Rg7 23. Rdh1 Nb7 24. R5h2 Qxh6 25. Rxh6 Rff7 26. Kd2 Nd8 27. Ke2 Rg6 28. R6h2 a5 29. a4 Rfg7 30. Kf2 Nf7 31. Bf1 Bd7 32. Rh4 Bc8 33. g3 Rxg3 34. Ng4 R3xg4 35. fxg4 Ng5 36. Ke3 Rg6 37. Be2 Kg7 38. R1h2 Bd7 39. Rh1 Bc8 40. R1h2 1/2-1/2

[Event "NED Team Ch"]
[Site "NED"]
[Date "1993.??.??"]
[Round "9"]
[White "Van Gaalen, Bas"]
[Black "Bertholee, Rob"]
[Result "0-1"]
[WhiteElo "2390"]
[BlackElo "2350"]
[PlyCount "56"]
[EventDate "1993.??.??"]
[Source "www.chesslib.no"]
[SourceDate "2004.05.04"]

1. d4 Nf6 2. c4 g6 3. Nc3 Bg7 4. e4 O-O 5. Be3 d6 6. f3 Nc6 7. Nge2 a6 8. Qd2 Re8 9. a3 b5 10. cxb5 axb5 11. Nxb5 Ba6 12. Nc1 Qb8 13. a4 e5 14. d5 Nd4 15. Bxd4 exd4 16. Be2 Nxd5 17. Nxd4 Qb6 18. Ncb3 Bxe2 19. Kxe2 c5 20. Nb5 Rxa4 21. Rxa4 Qxb5+ 22. Kf2 Qxb3 23. Ra3 Qxb2 24. Qxb2 Bxb2 25. Rd3 Nb4 26. Rxd6 c4 27. Ke2 c3 28. Rb6 Ba3 0-1

[Event "Corr"]
[Site "?"]
[Date "1994.??.??"]
[Round "?"]
[White "Ham Stephen E"]
[Black "Givler John S"]
[Result "1-0"]
[WhiteElo "2358"]
[BlackElo "2380"]
[PlyCount "55"]
[EventDate "1994.??.??"]
[Source "www.chesslib.no"]
[SourceDate "2004.05.04"]

1. d4 Nf6 2. c4 g6 3. Nc3 Bg7 4. e4 d6 5. Be3 O-O 6. f3 Nc6 7. Nge2 a6 8. h4 h5 9. Qd2 Rb8 10. Nc1 e5 11. d5 Nd4 12. N1e2 c5 13. dxc6 bxc6 14. Nxd4 exd4 15. Bxd4 Re8 16. Be2 d5 17. cxd5 cxd5 18. e5 Nd7 19. f4 Bh6 20. Nxd5 Nxe5 21. Bc3 Bb7 22. O-O-O Bxd5 23. Qxd5 Bxf4+ 24. Kb1 Qc7 25. Qd4 Bh6 26. Bxa6 Rbd8 27. Qb4 Rb8 28. Bb5 1-0

[Event "Bundesliga 8788"]
[Site "Germany"]
[Date "1988.??.??"]
[Round "?"]
[White "Meister, Peter"]
[Black "Gruenenwald, Joerg"]
[Result "1/2-1/2"]
[WhiteElo "2375"]
[BlackElo "2360"]
[PlyCount "36"]
[EventDate "1987.10.??"]
[Source "ChessBase"]
[SourceDate "1999.07.01"]

1. d4 Nf6 2. c4 g6 3. Nc3 Bg7 4. e4 d6 5. f3 O-O 6. Be3 Nc6 7. Nge2 a6 8. a3 Rb8 9. Qd2 Bd7 10. b4 e5 11. d5 Ne7 12. Ng3 Ne8 13. Bd3 f5 14. exf5 gxf5 15. Bf2 Ng6 16. Nh5 Bh8 17. O-O Ng7 18. Nxg7 Bxg7 1/2-1/2

[Event "ISR-ch"]
[Site "ISR"]
[Date "1986.??.??"]
[Round "?"]
[White "Kraidman, Yair"]
[Black "Afek, Yochanan"]
[Result "1-0"]
[WhiteElo "2445"]
[BlackElo "2285"]
[PlyCount "65"]
[EventDate "1986.??.??"]
[Source "ChessBase"]

1. d4 Nf6 2. c4 g6 3. Nc3 Bg7 4. e4 O-O 5. Be3 d6 6. f3 Nc6 7. Nge2 a6 8. Nc1 e5 9. d5 Nd4 10. Nb3 Nxb3 11. Qxb3 c5 12. Qc2 Nh5 13. O-O-O Bd7 14. Kb1 Qa5 15. Bd2 Qc7 16. a4 f5 17. exf5 gxf5 18. g3 Nf6 19. Bd3 Qc8 20. h4 h5 21. Rhg1 Kh8 22. a5 b5 23. axb6 Rb8 24. Qc1 Ng8 25. g4 e4 26. Bc2 Rxb6 27. gxf5 e3 28. Rxg7 exd2 29. Qxd2 Kxg7 30. Qg5+ Kf7 31. Qg6+ Ke7 32. Qg7+ Rf7 33. Re1+ 1-0

[Event "YUG-chT"]
[Site "?"]
[Date "1998.??.??"]
[Round "8"]
[White "Kajganovic Miodrag"]
[Black "Markovic Ivan"]
[Result "1/2-1/2"]
[WhiteElo "2280"]
[BlackElo "2445"]
[PlyCount "90"]
[EventDate "1998.??.??"]
[Source "www.chesslib.no"]
[SourceDate "2004.05.04"]

1. e4 d6 2. d4 g6 3. c4 Bg7 4. Nc3 Nf6 5. f3 O-O 6. Be3 Nc6 7. Nge2 a6 8. Qd2 e5 9. d5 Ne7 10. Ng3 h5 11. h4 Bd7 12. Bd3 c6 13. Nf1 b5 14. b3 b4 15. Nd1 cxd5 16. Qxb4 dxe4 17. fxe4 Be6 18. Nf2 Nc6 19. Qd2 Nd4 20. Ng3 Ng4 21. Nxg4 Bxg4 22. Ne2 Bf6 23. Bf2 Ne6 24. O-O-O a5 25. Rdf1 Bxe2 26. Bxe2 Nd4 27. g4 a4 28. b4 hxg4 29. Bxg4 Bg7 30. Kb1 f5 31. exf5 gxf5 32. Bxd4 fxg4 33. Be3 Qd7 34. Qd5+ Kh8 35. a3 Rac8 36. c5 Qb5 37. Rd1 Rf3 38. Rhe1 dxc5 39. Qe6 Rcf8 40. Bxc5 Rb3+ 41. Kc2 Re8 42. Qxg4 e4 43. Qh5+ Kg8 44. Qd5+ Kh8 45. Qh5+ Kg8 1/2-1/2